US States and Presidents in Order Quiz Stats

 Plays Quiz Updated Jan 20, 2017

Challenge
Share
Tweet
Embed
Score 0/95 Timer 14:00
2 Plays Today
State or President Name % Correct
????
100%
????
89.6%
????
84.2%
????
77.8%
????
74.6%
????
72.7%
????
71.1%
????
70.2%
????
69%
????
68.2%
????
67.5%
????
67.1%
????
66.6%
????
65.7%
????
64.8%
????
63.6%
????
63.3%
????
63.2%
????
63.1%
????
62.6%
????
62.2%
????
60%
????
59.3%
????
59%
????
58%
????
57.3%
????
56.5%
????
55.4%
????
54.4%
????
53.9%
????
53.4%
????
52.4%
State or President Name % Correct
????
51.7%
????
50.8%
????
50.2%
????
50%
????
48.7%
????
48.3%
????
47.8%
????
46.8%
????
46%
????
45.5%
????
44.9%
????
43.9%
????
43.5%
????
43.2%
????
42.5%
????
41.7%
????
41%
????
40.9%
????
39.9%
????
39.1%
????
38.4%
????
38.3%
????
37.4%
????
37.2%
????
36.5%
????
36%
????
35.6%
????
35.4%
????
35.2%
????
34.9%
????
34.2%
????
34.1%
State or President Name % Correct
????
33.7%
????
33.1%
????
32.8%
????
32.4%
????
32%
????
31.4%
????
31.1%
????
31%
????
30.4%
????
30.2%
????
29.9%
????
29.8%
????
29.6%
????
29.3%
????
29.1%
????
29%
????
28.9%
????
28.7%
????
28.6%
????
28.5%
????
28.4%
????
28.2%
????
28%
????
27.9%
????
27.9%
????
27.8%
????
27.7%
????
27.6%
????
27.5%
????
27.5%
????
27.4%

You're not logged in!

Compare scores with friends on all Sporcle quizzes.
OR
Log In

You Might Also Like...

Show Comments

Extras

Top Quizzes Today


Score Distribution

Your Account Isn't Verified!

In order to create a playlist on Sporcle, you need to verify the email address you used during registration. Go to your Sporcle Settings to finish the process.

Report this User

Report this user for behavior that violates our Community Guidelines.

Details: